000 00364nam a2200145Ia 4500
999 _c1974
_d1974
008 191121s 1983 ||||xx |||||||||||||| ||und||
020 _a9780540073443
082 _a620.004
_bROY
100 _aRoy, G J
245 0 _aNotes on instrumentation and control
260 _aLondon
_bStanford Maritime
_c1983
260 _c1983
300 _a141p.
942 _cBK